[Event "Ruhrgebiet Verbandsklasse Gruppe 2 1819"]
[Site "Nordrheinwestfalen"]
[Date "2019.03.10"]
[Round "7.7"]
[White "Gielisch, Ulrich"]
[Black "Schmitz, Juergen"]
[Result "0-1"]
[WhiteElo "1661"]
[BlackElo "1864"]
[PlyCount "70"]
[EventDate "2018.09.23"]
[EventType "team-tourn"]
[EventRounds "9"]
[EventCountry "GER"]
[SourceTitle "EXT 2022"]
[Source "ChessBase"]
[SourceDate "2021.10.06"]
[SourceVersion "1"]
[SourceVersionDate "2021.10.06"]
[SourceQuality "1"]
[WhiteTeam "Marten Boevinghausen"]
[BlackTeam "Steele/Kray Rochade"]
[WhiteTeamCountry "GER"]
[BlackTeamCountry "GER"]

1. d4 f5 2. c4 Nf6 3. Nc3 g6 4. Nf3 Bg7 5. g3 d6 6. Bg2 0-0 7. 0-0 c6 8. e3 Na6 9. b3 Rb8 10. Bb2 Ne4 11. a3 Qe8 12. Nd2 Nxc3 13. Bxc3 c5 14. Qc2 e5 15. dxe5 dxe5 16. Qb2 Qe7 17. Bd5+ Kh8 18. Nf3 Re8 19. h4 Nc7 20. Rad1 b5 21. b4 Bb7 22. bxc5 Ba8 23. Qa1 bxc4 24. Bxa8 Rxa8 25. c6 Nb5 26. Rd7 Qc5 27. Rxg7 Nxc3 28. Qxc3 Kxg7 29. Rc1 Qd5 30. Nd2 Qxc6 31. Nxc4 Rac8 32. Qa5 Qc5 33. Qa6 Rc6 34. Qb7+ Rc7 35. Qb2 Qd5 0-1

[Event "Ruhrgebiet Verbandsklasse Gruppe 2 1819"]
[Site "Nordrheinwestfalen"]
[Date "2019.02.03"]
[Round "6.6"]
[White "Gielisch, Ulrich"]
[Black "Mikulski, Georg"]
[Result "1/2-1/2"]
[WhiteElo "1661"]
[BlackElo "1903"]
[PlyCount "32"]
[EventDate "2018.09.23"]
[EventType "team-tourn"]
[EventRounds "9"]
[EventCountry "GER"]
[SourceTitle "EXT 2022"]
[Source "ChessBase"]
[SourceDate "2021.10.06"]
[SourceVersion "1"]
[SourceVersionDate "2021.10.06"]
[SourceQuality "1"]
[WhiteTeam "Marten Boevinghausen"]
[BlackTeam "Unser Fritz"]
[WhiteTeamCountry "GER"]
[BlackTeamCountry "GER"]

1. d4 Nf6 2. c4 g6 3. Nc3 d5 4. cxd5 Nxd5 5. e4 Nxc3 6. bxc3 Bg7 7. Bc4 c5 8. Ne2 0-0 9. 0-0 Nc6 10. Be3 Qc7 11. Qc2 Na5 12. Bb3 Nxb3 13. axb3 b6 14. dxc5 bxc5 15. Rad1 Bb7 16. f3 f5 1/2-1/2

[Event "NRW Verbandsklasse Group1 1314"]
[Site "Nordrheinwestfalen"]
[Date "2014.03.09"]
[Round "8"]
[White "Kuckelkorn, Joerg"]
[Black "Gielisch, Ulrich"]
[Result "1-0"]
[WhiteElo "1794"]
[BlackElo "1710"]
[PlyCount "46"]
[EventDate "2013.09.08"]
[EventType "team-tourn"]
[EventRounds "9"]
[EventCountry "GER"]
[SourceTitle "EXT 2020"]
[Source "ChessBase"]
[SourceDate "2019.10.17"]
[SourceVersion "1"]
[SourceVersionDate "2019.10.17"]
[SourceQuality "1"]
[WhiteTeam "Oberhausen SW"]
[BlackTeam "Marten Boevinghausen"]
[WhiteTeamCountry "GER"]
[BlackTeamCountry "GER"]

1. f4 d5 2. Nf3 Nf6 3. g3 Bf5 4. d3 h6 5. Bg2 e6 6. 0-0 Bc5+ 7. e3 Nbd7 8. Nc3 c6 9. Kh1 Qc7 10. Qe2 g5 11. e4 dxe4 12. dxe4 Bg4 13. e5 Nd5 14. Ne4 gxf4 15. gxf4 0-0-0 16. c4 Ne7 17. Be3 Bxe3 18. Qxe3 Nf5 19. Qxa7 Qb6 20. Qa8+ Kc7 21. Qa3 Ra8 22. c5 Qb5 23. Qc3 Nxc5 1-0

[Event "NRW Verbandsklasse Group1 1314"]
[Site "Nordrheinwestfalen"]
[Date "2014.02.16"]
[Round "7"]
[White "Buthmann, Ralf"]
[Black "Gielisch, Ulrich"]
[Result "1-0"]
[WhiteElo "1781"]
[BlackElo "1710"]
[PlyCount "82"]
[EventDate "2013.09.08"]
[EventType "team-tourn"]
[EventRounds "9"]
[EventCountry "GER"]
[SourceTitle "EXT 2020"]
[Source "ChessBase"]
[SourceDate "2019.10.17"]
[SourceVersion "1"]
[SourceVersionDate "2019.10.17"]
[SourceQuality "1"]
[WhiteTeam "Koenigsspringer Haltern"]
[BlackTeam "Marten Boevinghausen"]
[WhiteTeamCountry "GER"]
[BlackTeamCountry "GER"]

1. c4 Nf6 2. g3 e6 3. Bg2 d5 4. Nf3 Be7 5. 0-0 0-0 6. d4 b6 7. Nbd2 Bb7 8. Qc2 Nbd7 9. b3 c5 10. cxd5 exd5 11. Bb2 Re8 12. Rac1 Rc8 13. Rfe1 Bd6 14. Qf5 Rc7 15. e3 Bc8 16. Qd3 Bb7 17. Nb1 c4 18. bxc4 dxc4 19. Rxc4 Ba6 20. Rec1 Rxc4 21. Rxc4 Bxc4 22. Qxc4 Qc8 23. Qd3 Ne4 24. Bh3 Qc7 25. Na3 Bxa3 26. Bxa3 Ndf6 27. Bb2 g5 28. Ne5 g4 29. Nxg4 Nxg4 30. Bxg4 Nf6 31. Qf5 Nxg4 32. Qxg4+ Kf8 33. Ba3+ Re7 34. Qg5 Qd7 35. Qxe7+ Qxe7 36. Bxe7+ Kxe7 37. Kf1 b5 38. Ke2 a5 39. Kd3 Kd6 40. e4 f6 41. g4 h6 1-0

[Event "NRW Verbandsklasse Group1 1314"]
[Site "Nordrheinwestfalen"]
[Date "2013.12.15"]
[Round "5"]
[White "Gielisch, Ulrich"]
[Black "Beierlein, Martin"]
[Result "1/2-1/2"]
[WhiteElo "1710"]
[BlackElo "1848"]
[PlyCount "84"]
[EventDate "2013.09.08"]
[EventType "team-tourn"]
[EventRounds "9"]
[EventCountry "GER"]
[SourceTitle "EXT 2020"]
[Source "ChessBase"]
[SourceDate "2019.10.17"]
[SourceVersion "1"]
[SourceVersionDate "2019.10.17"]
[SourceQuality "1"]
[WhiteTeam "Marten Boevinghausen"]
[BlackTeam "Oberhausen SV III"]
[WhiteTeamCountry "GER"]
[BlackTeamCountry "GER"]

1. d4 Nf6 2. c4 g6 3. Nc3 Bg7 4. Nf3 d6 5. g3 0-0 6. Bg2 Nbd7 7. 0-0 c6 8. e4 e5 9. d5 Qc7 10. Be3 Ng4 11. Qd2 Nxe3 12. Qxe3 a5 13. a3 a4 14. Nd2 Nc5 15. Rab1 f5 16. exf5 Bxf5 17. Nce4 cxd5 18. cxd5 Nxe4 19. Nxe4 Rfc8 20. Rbc1 Qd7 21. Rxc8+ Rxc8 22. Rc1 Bxe4 23. Bxe4 Rxc1+ 24. Qxc1 Qb5 25. Qc8+ Bf8 26. Qc2 Qd7 27. Kg2 Be7 28. h4 Bd8 29. Kh2 Bb6 30. h5 Qg4 31. hxg6 hxg6 32. f3 Qd7 33. Bxg6 Kg7 34. Bf5 Qb5 35. Qd2 Bd8 36. Be4 Qc4 37. Qc2 Qb5 38. Kg2 Bb6 39. Qd2 Bd8 40. Qc2 Bb6 41. Qd2 Bd8 42. Qc2 Bb6 1/2-1/2

[Event "Ruhrgebiet VK2 1112"]
[Site "Nordrheinwestfalen"]
[Date "2012.04.22"]
[Round "9"]
[White "Gielisch, Ulrich"]
[Black "Jaeger, Heinz"]
[Result "0-1"]
[WhiteElo "1743"]
[BlackElo "1991"]
[PlyCount "38"]
[EventDate "2012.09.18"]
[EventType "team-tourn"]
[EventRounds "9"]
[EventCountry "GER"]
[SourceTitle "EXT 2020"]
[Source "ChessBase"]
[SourceDate "2019.10.17"]
[SourceVersion "1"]
[SourceVersionDate "2019.10.17"]
[SourceQuality "1"]
[WhiteTeam "Marten Boevinghausen"]
[BlackTeam "Bottrop SV"]
[WhiteTeamCountry "GER"]
[BlackTeamCountry "GER"]

1. d4 d5 2. c4 e6 3. Nc3 Nf6 4. Bg5 Be7 5. Nf3 0-0 6. e3 Ne4 7. Bxe7 Qxe7 8. Bd3 f5 9. 0-0 c6 10. Rc1 Nd7 11. a3 Rf6 12. b4 Rh6 13. cxd5 exd5 14. Ne2 g5 15. g3 Ndf6 16. Ne5 Qe8 17. Nc3 g4 18. f4 Qh5 19. Qe2 Nxg3 0-1